=LDR 00000nam 2200000 4500 =001 INLIS000000000809619 =008 ###################################ind## =035 ##$$a 0010-0825000112 =245 ##$$a Tanaman Yang Mengandung Zat Pengganggu / $c kuncoro =260 ##$$b Cv Amalia =020 ##$$a 597994157645 =084 ##$$a 683 KUN t =520 ##$$a Toksikologi (racun dan keracunan) =082 ##$$a 683